[Event "Rio de Janeiro op 3rd"]
[Site "Rio de Janeiro"]
[Date "2024.04.27"]
[Round "8"]
[White "Pimenta, Jeronimo Marques"]
[Black "Bezerra, Natacio Goncalves"]
[Result "1/2-1/2"]
[WhiteElo "2047"]
[BlackElo "1950"]
[PlyCount "86"]
[EventDate "2024.04.22"]
[EventType "swiss"]
[EventRounds "9"]
[EventCountry "BRA"]
[SourceTitle "CBM 219 Extra"]
[Source "ChessBase"]
[SourceDate "2024.05.31"]
[SourceVersion "1"]
[SourceVersionDate "2024.05.31"]
[SourceQuality "1"]

1. d4 d5 2. c4 c6 3. Nf3 Nf6 4. Nc3 a6 5. e3 b5 6. cxd5 cxd5 7. Be2 e6 8. a3 Nbd7 9. 0-0 Bd6 10. b3 Bb7 11. h3 0-0 12. Bb2 Ne4 13. Nxe4 dxe4 14. Ne5 Nb6 15. Rc1 Qe8 16. f3 Rd8 17. Qe1 f6 18. Ng4 h5 19. Nh2 Qg6 20. f4 Nd5 21. Bd1 Rc8 22. Rxc8 Rxc8 23. Rf2 b4 24. a4 Nc3 25. Rc2 Nxd1 26. Qxd1 Rxc2 27. Qxc2 Qg3 28. Nf1 Qe1 29. Qc4 Bd5 30. Qxa6 Bf8 31. Qc8 Bxb3 32. Bc1 Qc3 33. Qxc3 bxc3 34. a5 Bc4 35. Ng3 f5 36. Nxh5 Kf7 37. g4 Ke8 38. gxf5 exf5 39. Ng3 g6 40. h4 Bb4 41. h5 Bf7 42. hxg6 Bxg6 43. Kf2 Bxa5 1/2-1/2

[Event "Rio de Janeiro op 3rd"]
[Site "Rio de Janeiro"]
[Date "2024.04.25"]
[Round "5"]
[White "Bezerra, Natacio Goncalves"]
[Black "Lage, Pedro Ferreira"]
[Result "1/2-1/2"]
[WhiteElo "1950"]
[BlackElo "2061"]
[PlyCount "76"]
[EventDate "2024.04.22"]
[EventType "swiss"]
[EventRounds "9"]
[EventCountry "BRA"]
[SourceTitle "CBM 219 Extra"]
[Source "ChessBase"]
[SourceDate "2024.05.31"]
[SourceVersion "1"]
[SourceVersionDate "2024.05.31"]
[SourceQuality "1"]

1. e4 e6 2. d4 d5 3. Nd2 c5 4. Ngf3 cxd4 5. Nxd4 Nc6 6. Bb5 Bd7 7. Nxc6 bxc6 8. Bd3 Bd6 9. Qe2 Ne7 10. 0-0 0-0 11. Nf3 Ng6 12. c4 dxe4 13. Bxe4 f5 14. Bc2 e5 15. c5 Bc7 16. Bb3+ Kh8 17. Ng5 Qe8 18. Nxh7 Nf4 19. Bxf4 Kxh7 20. Bd2 Be6 21. Rfc1 Rd8 22. Bc3 Bd5 23. Re1 Qg6 24. Bxd5 Rxd5 25. Rad1 Rfd8 26. Rxd5 Rxd5 27. b4 e4 28. g3 Rd3 29. Bb2 Qf7 30. Bc1 Kg8 31. Be3 Ra3 32. Rd1 Rxa2 33. Rd2 Ra4 34. Qd1 Rxb4 35. Rd7 Rb1 36. Qxb1 Qxd7 37. Qb7 f4 38. gxf4 Qd1+ 1/2-1/2

[Event "Titled Tuesday intern op 09th Apr Early"]
[Site "Chess.com INT"]
[Date "2024.04.09"]
[Round "10"]
[White "Kiseljova, Marya"]
[Black "Bezerra, Natacio Goncalves"]
[Result "1-0"]
[WhiteElo "2031"]
[BlackElo "1950"]
[PlyCount "57"]
[EventDate "2024.04.09"]
[EventType "swiss (blitz)"]
[EventRounds "11"]
[EventCountry "USA"]
[SourceTitle "EXT 2025"]
[Source "ChessBase"]
[SourceDate "2024.10.14"]
[SourceVersion "1"]
[SourceVersionDate "2024.10.14"]
[SourceQuality "1"]

1. d4 d5 2. Nc3 Nf6 3. Bf4 c6 4. e3 Bf5 5. f3 h6 6. Bd3 Bxd3 7. cxd3 e6 8. e4 Nbd7 9. Nge2 Nh5 10. Be3 Bd6 11. e5 Be7 12. g4 Bh4+ 13. Kd2 Bg5 14. gxh5 Bxe3+ 15. Kxe3 Qg5+ 16. Kf2 Qxh5 17. Ng3 Qg6 18. Nce2 f6 19. Nf4 Qf7 20. exf6 gxf6 21. Qe2 e5 22. Ng2 0-0-0 23. Rhe1 exd4 24. Qe7 Qg6 25. Rad1 Rhe8 26. Qa3 Nb6 27. Qxa7 Rxe1 28. Nxe1 Qxd3 29. Rxd3 1-0

[Event "Titled Tuesday intern op 19th Mar Early"]
[Site "Chess.com INT"]
[Date "2024.03.19"]
[Round "4"]
[White "Bezerra, Natacio Goncalves"]
[Black "Rose, Felix"]
[Result "0-1"]
[WhiteElo "1950"]
[BlackElo "2091"]
[PlyCount "106"]
[EventDate "2024.03.19"]
[EventType "swiss (blitz)"]
[EventRounds "11"]
[EventCountry "USA"]
[SourceTitle "EXT 2025"]
[Source "ChessBase"]
[SourceDate "2024.10.14"]
[SourceVersion "1"]
[SourceVersionDate "2024.10.14"]
[SourceQuality "1"]

1. e4 c6 2. d4 d5 3. e5 Bf5 4. Nd2 e6 5. Nb3 Ne7 6. Nf3 Nd7 7. Be2 c5 8. dxc5 Nc6 9. Be3 Ndxe5 10. 0-0 Nxf3+ 11. Bxf3 Be7 12. Nd4 Nxd4 13. Bxd4 0-0 14. c4 dxc4 15. Bxb7 Rb8 16. c6 Qc7 17. Bxa7 Rbd8 18. Qf3 Rd3 19. Qe2 Rfd8 20. Rfd1 Bd6 21. h3 Bh2+ 22. Kh1 Be5 23. Rxd3 cxd3 24. Qf3 Bxb2 25. Rb1 d2 26. Rd1 Bc2 27. Be3 Bxd1 28. Qxd1 Bc3 29. a4 Ba5 30. Kg1 Rd5 31. Kf1 h6 32. Ke2 Qe5 33. Kf1 Qb2 34. Ba6 Qb8 35. Bb5 Qd6 36. g3 f5 37. Bf4 Qc5 38. Be3 Qd6 39. Bf4 e5 40. Be3 f4 41. Ba7 Rxb5 42. axb5 Qd3+ 43. Kg1 fxg3 44. fxg3 Qxg3+ 45. Kf1 Qe1+ 46. Qxe1 dxe1Q+ 47. Kg2 Qe2+ 48. Bf2 Qxb5 49. c7 Qc6+ 50. Kg3 Bxc7 51. Be3 e4+ 52. Bf4 Qg6+ 53. Kf2 Bxf4 0-1

[Event "Titled Tuesday intern op 05th Mar Late"]
[Site "Chess.com INT"]
[Date "2024.03.05"]
[Round "7"]
[White "De Souza, Cristiano Gomes"]
[Black "Bezerra, Natacio Goncalves"]
[Result "0-1"]
[WhiteElo "2018"]
[BlackElo "1950"]
[PlyCount "70"]
[EventDate "2024.03.05"]
[EventType "swiss (blitz)"]
[EventRounds "11"]
[EventCountry "USA"]
[SourceTitle "EXT 2025"]
[Source "ChessBase"]
[SourceDate "2024.10.14"]
[SourceVersion "1"]
[SourceVersionDate "2024.10.14"]
[SourceQuality "1"]

1. d4 d5 2. c4 c6 3. Nf3 Nf6 4. Nc3 a6 5. Bg5 Ne4 6. Bd2 Nxd2 7. Qxd2 Bf5 8. e3 e6 9. Be2 Be7 10. 0-0 0-0 11. a3 Nd7 12. Rfc1 Bf6 13. b4 b5 14. cxd5 cxd5 15. Nd1 Nb6 16. Nb2 Nc4 17. Nxc4 dxc4 18. a4 Qd5 19. Ra3 Rfb8 20. Rca1 h6 21. Qc3 Be7 22. Nd2 a5 23. Bf3 axb4 24. Qc1 Qd8 25. Bxa8 bxa3 26. Bf3 b4 27. Nxc4 Rc8 28. Be2 b3 29. Qc3 b2 30. Rd1 b1Q 31. Rxb1 Bxb1 32. h3 a2 33. Qb2 Rb8 34. Qa1 Qc7 35. Nd2 Qc2 0-1

[Event "Titled Tuesday intern op 27th Feb Early"]
[Site "Chess.com INT"]
[Date "2024.02.27"]
[Round "5"]
[White "Bezerra, Natacio Goncalves"]
[Black "Menahem, Adi"]
[Result "0-1"]
[WhiteElo "1916"]
[BlackElo "2114"]
[PlyCount "124"]
[EventDate "2024.02.27"]
[EventType "swiss (blitz)"]
[EventRounds "11"]
[EventCountry "USA"]
[SourceTitle "EXT 2025"]
[Source "ChessBase"]
[SourceDate "2024.10.14"]
[SourceVersion "1"]
[SourceVersionDate "2024.10.14"]
[SourceQuality "1"]

1. e4 d5 2. exd5 Qxd5 3. Nc3 Qd8 4. d4 Nf6 5. Bc4 a6 6. Nf3 b5 7. Bb3 c5 8. dxc5 Qxd1+ 9. Nxd1 e6 10. Be3 Nfd7 11. a4 b4 12. 0-0 Bxc5 13. Re1 Bb7 14. Nd4 Nc6 15. c3 bxc3 16. bxc3 Nxd4 17. Bxd4 Bxd4 18. cxd4 Nf6 19. Nb2 0-0 20. Nd3 Rfd8 21. Nc5 Bd5 22. Bc2 Nd7 23. Rab1 Nxc5 24. dxc5 Rac8 25. Rec1 g6 26. Bb3 Bxb3 27. Rxb3 Rxc5 28. Rcb1 Rdc8 29. h3 Rc1+ 30. Rxc1 Rxc1+ 31. Kh2 Rc4 32. Ra3 a5 33. Kg3 Kg7 34. Kf3 h5 35. Ke3 g5 36. g3 Kg6 37. Kd3 Rb4 38. Ke3 f5 39. Kd3 Kf6 40. Ke2 h4 41. Kf3 g4+ 42. hxg4 fxg4+ 43. Kg2 h3+ 44. Kh2 Kf5 45. f3 Rb2+ 46. Kg1 gxf3 47. Rxf3+ Kg4 48. Re3 Rb1+ 49. Kh2 Rb2+ 50. Kg1 e5 51. Rxe5 Kxg3 52. Re3+ Kf4 53. Re8 Rb4 54. Rf8+ Ke4 55. Re8+ Kd4 56. Kh2 Rxa4 57. Kxh3 Kc3 58. Rb8 Rb4 59. Ra8 a4 60. Kg3 Kb2 61. Kf2 a3 62. Ke2 a2 0-1

[Event "Titled Tuesday intern op 27th Feb Early"]
[Site "Chess.com INT"]
[Date "2024.02.27"]
[Round "1"]
[White "Bezerra, Natacio Goncalves"]
[Black "Uber Gracia, Hugo"]
[Result "0-1"]
[WhiteElo "1916"]
[BlackElo "2213"]
[PlyCount "132"]
[EventDate "2024.02.27"]
[EventType "swiss (blitz)"]
[EventRounds "11"]
[EventCountry "USA"]
[SourceTitle "EXT 2025"]
[Source "ChessBase"]
[SourceDate "2024.10.14"]
[SourceVersion "1"]
[SourceVersionDate "2024.10.14"]
[SourceQuality "1"]

1. e4 d5 2. exd5 Qxd5 3. Nc3 Qd8 4. d4 c6 5. Nf3 Bf5 6. Bd3 Bxd3 7. Qxd3 e6 8. 0-0 Nf6 9. Bg5 Be7 10. Rfe1 0-0 11. Rad1 Nbd7 12. Ne2 a5 13. c3 a4 14. a3 h6 15. Bf4 Nd5 16. Bg3 N7f6 17. Ne5 Nh5 18. h3 Nxg3 19. Nxg3 Bh4 20. Ne4 Be7 21. Qg3 Nf6 22. Nd2 Qb6 23. Ndc4 Qb5 24. Rd3 Rad8 25. Rf3 Qb3 26. Re2 Qd1+ 27. Kh2 Qxe2 28. Ne3 Qxb2 29. N3c4 Qb5 30. h4 Qd5 31. Ne3 Qe4 32. Kg1 Nh5 33. Qh2 Qb1+ 34. Nf1 Nf6 35. Qg3 Ne4 36. Qf4 Bf6 37. h5 Bg5 38. Qg4 Nd2 39. Kh2 Nxf1+ 40. Kh3 Nd2 41. Rd3 Qh1+ 42. Kg3 Nf1+ 43. Kf3 Nh2+ 44. Kg3 Nxg4 45. Nxg4 f5 46. Ne5 f4+ 47. Kf3 Qxh5+ 48. Ke4 Bf6 49. Nf3 Qd5+ 50. Kxf4 Be5+ 51. Kg4 Qe4+ 52. Kh3 Bf6 53. Re3 Qf4 54. g3 Qf5+ 55. Kg2 Rfe8 56. Rd3 Qxd3 57. Ne1 Qe4+ 58. Nf3 e5 59. c4 exd4 60. c5 d3 61. g4 d2 62. Kg3 d1Q 63. Nh4 Qdd3+ 64. Kh2 Qxg4 65. Ng2 Qdh3+ 66. Kg1 Qgxg2# 0-1

[Event "Titled Tuesday intern op 20th Feb Late"]
[Site "Chess.com INT"]
[Date "2024.02.20"]
[Round "6"]
[White "Calcado, Acyr Rogerio"]
[Black "Bezerra, Natacio Goncalves"]
[Result "1-0"]
[WhiteElo "2134"]
[BlackElo "1916"]
[PlyCount "49"]
[EventDate "2024.02.20"]
[EventType "swiss (blitz)"]
[EventRounds "11"]
[EventCountry "USA"]
[SourceTitle "EXT 2025"]
[Source "ChessBase"]
[SourceDate "2024.10.14"]
[SourceVersion "1"]
[SourceVersionDate "2024.10.14"]
[SourceQuality "1"]

1. e4 c6 2. d4 d5 3. exd5 cxd5 4. c4 Nf6 5. Nc3 Nc6 6. Bg5 h6 7. Bxf6 gxf6 8. cxd5 Nb8 9. Nf3 Bg4 10. Qa4+ Nd7 11. Be2 Bg7 12. h3 Bh5 13. 0-0 0-0 14. Rfe1 Nb6 15. Qb3 Rc8 16. a4 a5 17. Qb5 f5 18. Rad1 Nd7 19. Ne5 Bxe2 20. Rxe2 Nf6 21. Qxb7 Ne4 22. Nxe4 fxe4 23. Nc6 Qd6 24. Nxe7+ Kh8 25. Nxc8 1-0

[Event "Titled Tuesday intern op 06th Feb Early"]
[Site "Chess.com INT"]
[Date "2024.02.06"]
[Round "6"]
[White "Zaksaite, Salomeja"]
[Black "Bezerra, Natacio Goncalves"]
[Result "1-0"]
[WhiteElo "2212"]
[BlackElo "1916"]
[PlyCount "63"]
[EventDate "2024.02.06"]
[EventType "swiss (blitz)"]
[EventRounds "11"]
[EventCountry "USA"]
[SourceTitle "CBM 218 Extra"]
[Source "ChessBase"]
[SourceDate "2024.03.31"]
[SourceVersion "1"]
[SourceVersionDate "2024.03.31"]
[SourceQuality "1"]

1. e4 c6 2. d4 d5 3. exd5 cxd5 4. Bd3 Nc6 5. c3 Qc7 6. h3 Nf6 7. Nf3 g6 8. 0-0 Bg7 9. Re1 Bf5 10. Bf1 0-0 11. Bg5 Ne4 12. Bh4 h6 13. Nbd2 g5 14. Nxe4 Bxe4 15. Bg3 Qd7 16. Ne5 Nxe5 17. dxe5 e6 18. Rxe4 Qc6 19. Rd4 Rac8 20. h4 Qc7 21. hxg5 hxg5 22. Qg4 Qe7 23. f4 f6 24. Re1 f5 25. Qxg5 Qxg5 26. fxg5 Rf7 27. c4 dxc4 28. Bxc4 Rc6 29. g6 Rf8 30. b3 a6 31. Rd6 Rxd6 32. exd6 1-0

[Event "Titled Tuesday intern op 30th Jan Early"]
[Site "Chess.com INT"]
[Date "2024.01.30"]
[Round "11"]
[White "Blokhin, Sofia"]
[Black "Bezerra, Natacio Goncalves"]
[Result "1-0"]
[WhiteElo "1964"]
[BlackElo "1916"]
[PlyCount "73"]
[EventDate "2024.01.30"]
[EventType "swiss (blitz)"]
[EventRounds "11"]
[EventCountry "USA"]
[SourceTitle "EXT 2025"]
[Source "ChessBase"]
[SourceDate "2024.10.14"]
[SourceVersion "1"]
[SourceVersionDate "2024.10.14"]
[SourceQuality "1"]

1. d4 d5 2. c4 c6 3. Nc3 Nf6 4. e3 a6 5. c5 Bf5 6. Bd3 Bxd3 7. Qxd3 Nbd7 8. f4 e6 9. Nf3 b6 10. b4 a5 11. bxa5 bxc5 12. 0-0 Qxa5 13. Bd2 Qa6 14. Qc2 cxd4 15. Nxd4 Be7 16. Kh1 0-0 17. e4 c5 18. Nf3 d4 19. Nd1 d3 20. Qc1 Nxe4 21. Nc3 Nxc3 22. Bxc3 Bf6 23. Ne5 Nxe5 24. fxe5 Be7 25. Qe3 Qc4 26. Rac1 Rxa2 27. Qh3 Qd5 28. Rcd1 c4 29. Rf4 Rc2 30. Ba1 Ra8 31. Qg4 Raa2 32. Rg1 d2 33. Rd4 Qxe5 34. Rd8+ Bxd8 35. Bxe5 f6 36. Qxe6+ Kf8 37. Bd6+ 1-0

[Event "Titled Tuesday intern op 30th Jan Early"]
[Site "Chess.com INT"]
[Date "2024.01.30"]
[Round "2"]
[White "Slade, Theodore"]
[Black "Bezerra, Natacio Goncalves"]
[Result "1-0"]
[WhiteElo "2073"]
[BlackElo "1916"]
[PlyCount "119"]
[EventDate "2024.01.30"]
[EventType "swiss (blitz)"]
[EventRounds "11"]
[EventCountry "USA"]
[SourceTitle "EXT 2025"]
[Source "ChessBase"]
[SourceDate "2024.10.14"]
[SourceVersion "1"]
[SourceVersionDate "2024.10.14"]
[SourceQuality "1"]

1. d4 d5 2. c4 c6 3. cxd5 cxd5 4. Bf4 Nf6 5. e3 Nc6 6. Nc3 Bg4 7. Qb3 Na5 8. Qa4+ Bd7 9. Qc2 Rc8 10. Bd3 e6 11. Nf3 Be7 12. 0-0 0-0 13. Ne5 a6 14. Nxd7 Qxd7 15. Qe2 b5 16. a3 Nc4 17. Rfc1 Rc6 18. a4 b4 19. Nd1 Rfc8 20. b3 Nd6 21. Rxc6 Qxc6 22. Bxa6 Rb8 23. Bb5 Qa8 24. Bxd6 Bxd6 25. Rc1 Rc8 26. Qb2 h6 27. Rc2 Ne4 28. Qc1 Rxc2 29. Qxc2 Qb7 30. Qc6 Qb8 31. g3 Nd2 32. a5 Nxb3 33. a6 Na5 34. Qd7 Bc7 35. Nb2 b3 36. Qe7 Nc4 37. Bxc4 dxc4 38. Nxc4 Bb6 39. Qb7 Qxb7 40. axb7 Ba7 41. Kf1 Kf8 42. Ke2 Ke7 43. Kd3 Kd7 44. Kc3 Kc7 45. Kxb3 Kxb7 46. Nd6+ Kc6 47. Nxf7 Kd5 48. f3 e5 49. Nxe5 Bb8 50. Kc3 Bd6 51. e4+ Ke6 52. Nc4 Be7 53. d5+ Kd7 54. Kd4 Bf6+ 55. e5 Bd8 56. d6 Ke6 57. Ke4 g6 58. f4 h5 59. h3 Kd7 60. g4 1-0

[Event "Titled Tuesday intern op 23rd Jan Late"]
[Site "Chess.com INT"]
[Date "2024.01.23"]
[Round "10"]
[White "Bezerra, Natacio Goncalves"]
[Black "Cardozo Munar, Carlos Eduardo"]
[Result "0-1"]
[WhiteElo "1916"]
[BlackElo "2043"]
[PlyCount "58"]
[EventDate "2024.01.23"]
[EventType "swiss (blitz)"]
[EventRounds "11"]
[EventCountry "USA"]
[SourceTitle "CBM 218 Extra"]
[Source "ChessBase"]
[SourceDate "2024.03.31"]
[SourceVersion "1"]
[SourceVersionDate "2024.03.31"]
[SourceQuality "1"]

1. e4 e6 2. d4 d5 3. Nd2 c5 4. Ngf3 Nc6 5. exd5 Qxd5 6. Bc4 Qd7 7. 0-0 cxd4 8. Nb3 Nf6 9. Re1 a6 10. Nbxd4 Nxd4 11. Nxd4 Bd6 12. h3 Qc7 13. Bd3 0-0 14. Bg5 Be5 15. Nf3 Bxb2 16. Rb1 Bc3 17. Qe2 Bxe1 18. Bxf6 Bxf2+ 19. Kxf2 gxf6 20. Qe4 f5 21. Qh4 f6 22. Kf1 b5 23. a4 Bb7 24. axb5 Bxf3 25. gxf3 axb5 26. Rxb5 Ra1+ 27. Kg2 Qa7 28. Bf1 Kh8 29. Qh6 Rg8+ 0-1

[Event "Titled Tuesday intern op 23rd Jan Early"]
[Site "Chess.com INT"]
[Date "2024.01.23"]
[Round "9"]
[White "Bezerra, Natacio Goncalves"]
[Black "Santos, Isaque Goncalves"]
[Result "1-0"]
[WhiteElo "1916"]
[BlackElo "1996"]
[PlyCount "77"]
[EventDate "2024.01.23"]
[EventType "swiss (blitz)"]
[EventRounds "11"]
[EventCountry "USA"]
[SourceTitle "EXT 2025"]
[Source "ChessBase"]
[SourceDate "2024.10.14"]
[SourceVersion "1"]
[SourceVersionDate "2024.10.14"]
[SourceQuality "1"]

1. e4 e6 2. d4 d5 3. Nd2 Nf6 4. e5 Nfd7 5. c3 c5 6. Bd3 Nc6 7. Ne2 cxd4 8. cxd4 Qb6 9. Nf3 f6 10. exf6 Nxf6 11. 0-0 Bd6 12. Bf4 Bxf4 13. Nxf4 0-0 14. g3 Qxb2 15. Re1 Kh8 16. h4 Bd7 17. Rb1 Qxa2 18. Rxb7 Rab8 19. Rxb8 Rxb8 20. Nxe6 Ne4 21. Re2 Nc3 22. Rxa2 Nxd1 23. Nc5 Be8 24. Ne5 Nxd4 25. Rxa7 Nb5 26. Bxb5 Bxb5 27. Ncd7 Re8 28. Kg2 d4 29. Rb7 Ba6 30. Rb6 Bc8 31. Rd6 Bxd7 32. Nxd7 Nc3 33. Rxd4 Nb5 34. Rd5 Nc7 35. Rc5 Ne6 36. Rc6 Nd8 37. Rc8 h6 38. Nb6 Kh7 39. Nd5 1-0

[Event "Titled Tuesday intern op 23rd Jan Early"]
[Site "Chess.com INT"]
[Date "2024.01.23"]
[Round "8"]
[White "Bezerra, Natacio Goncalves"]
[Black "Vincenti, Leonardo"]
[Result "0-1"]
[WhiteElo "1916"]
[BlackElo "2071"]
[PlyCount "144"]
[EventDate "2024.01.23"]
[EventType "swiss (blitz)"]
[EventRounds "11"]
[EventCountry "USA"]
[SourceTitle "EXT 2025"]
[Source "ChessBase"]
[SourceDate "2024.10.14"]
[SourceVersion "1"]
[SourceVersionDate "2024.10.14"]
[SourceQuality "1"]

1. e4 e6 2. d4 d5 3. Nd2 h6 4. Ngf3 Nf6 5. exd5 exd5 6. Bd3 Bd6 7. h3 0-0 8. 0-0 Re8 9. c4 c6 10. b3 Nbd7 11. Bb2 Bc7 12. Qc2 a6 13. Rfe1 Nf8 14. Ne5 Ne6 15. cxd5 cxd5 16. Rac1 Bd7 17. Nxf7 Kxf7 18. Bg6+ Kg8 19. Bxe8 Nxe8 20. Qg6 Qf6 21. Qh5 Qf4 22. Nf3 Nf6 23. Qg6 Ne4 24. Rc2 N6g5 25. Ne5 Bf5 26. Qh5 Bxe5 27. dxe5 Bxh3 28. gxh3 Nf3+ 29. Kf1 Nxe1 30. Kxe1 Ng5 31. e6 Nxe6 32. Qg6 Qf7 33. Qg4 Re8 34. Re2 Nf4 35. Rxe8+ Qxe8+ 36. Kf1 Ng6 37. h4 Qf7 38. h5 Ne7 39. Qd7 Kh7 40. Qg4 Kg8 41. Qe2 Nf5 42. Qd3 d4 43. Bxd4 Nxd4 44. Qxd4 Qf5 45. Qd8+ Kh7 46. Qd1 b5 47. Kg2 a5 48. Kf1 Qg5 49. Ke2 Qxh5+ 50. Kd2 Qxd1+ 51. Kxd1 h5 52. Ke2 h4 53. Kf3 g5 54. Kg4 Kg6 55. a4 bxa4 56. bxa4 Kf6 57. f3 Ke5 58. Kxg5 h3 59. f4+ Ke4 60. f5 h2 61. f6 h1Q 62. f7 Qf3 63. Kg6 Kd4 64. Kg7 Kc4 65. f8Q Qxf8+ 66. Kxf8 Kb4 67. Ke7 Kxa4 68. Kd6 Kb3 69. Kd5 a4 70. Kd4 a3 71. Kd3 a2 72. Kd2 a1Q 0-1

[Event "Titled Tuesday intern op 23rd Jan Early"]
[Site "Chess.com INT"]
[Date "2024.01.23"]
[Round "4"]
[White "Blokhin, Sofia"]
[Black "Bezerra, Natacio Goncalves"]
[Result "1/2-1/2"]
[WhiteElo "1964"]
[BlackElo "1916"]
[PlyCount "149"]
[EventDate "2024.01.23"]
[EventType "swiss (blitz)"]
[EventRounds "11"]
[EventCountry "USA"]
[SourceTitle "EXT 2025"]
[Source "ChessBase"]
[SourceDate "2024.10.14"]
[SourceVersion "1"]
[SourceVersionDate "2024.10.14"]
[SourceQuality "1"]

1. d4 d5 2. c4 c6 3. Nc3 Nf6 4. e3 a6 5. cxd5 cxd5 6. Bd3 Nc6 7. Nf3 Bg4 8. h3 Bh5 9. 0-0 e6 10. Be2 Bd6 11. a3 0-0 12. b4 Rc8 13. Na4 Ne4 14. Bb2 Ne7 15. Nc5 Rb8 16. Nxe4 dxe4 17. Nd2 Bg6 18. Bh5 Rc8 19. Bxg6 hxg6 20. Nxe4 Bb8 21. Qf3 Nf5 22. Rac1 Qd7 23. g4 Nd6 24. Ng5 f6 25. Ne4 g5 26. Qg2 Kf7 27. f4 gxf4 28. exf4 Rh8 29. Qf3 Rcd8 30. Nxd6+ Qxd6 31. g5 Rh4 32. Qg3 Rxf4 33. g6+ Ke7 34. Rxf4 Qxf4 35. Qxf4 Bxf4 36. Rf1 Bg5 37. Rd1 Rd5 38. Kf2 e5 39. Kf3 exd4 40. Ke4 Rd7 41. Bxd4 Ke6 42. Rf1 Rc7 43. Rf5 Rc2 44. Rf1 Ra2 45. Rf3 Bh4 46. Rf4 Bg5 47. Rf3 Kd6 48. Rf5 Kc6 49. Rf3 Kb5 50. h4 Bxh4 51. Rh3 Bg5 52. Rh7 Rxa3 53. Rxg7 Kc4 54. Rf7 Kxb4 55. Bxf6 Bxf6 56. Rxf6 Ra1 57. g7 Re1+ 58. Kf5 Rf1+ 59. Kg6 Rg1+ 60. Kf7 b5 61. g8Q Rxg8 62. Kxg8 a5 63. Kf7 a4 64. Ke6 a3 65. Kd5 a2 66. Rf1 Ka3 67. Kd4 Kb2 68. Rf2+ Kb3 69. Rf3+ Ka4 70. Rf1 Kb3 71. Rf3+ Kb2 72. Rf2+ Kb1 73. Rf1+ Kc2 74. Rf2+ Kb3 75. Rf3+ 1/2-1/2

[Event "Rio de Janeiro Estadual-ch"]
[Site "Rio de Janeiro"]
[Date "2023.10.14"]
[Round "3"]
[White "Pessoa, Vitor Henrique Leop"]
[Black "Bezerra, Natacio Goncalves"]
[Result "1-0"]
[WhiteElo "1596"]
[BlackElo "1958"]
[PlyCount "75"]
[EventDate "2023.10.12"]
[EventType "swiss"]
[EventRounds "6"]
[EventCountry "BRA"]
[SourceTitle "EXT 2025"]
[Source "ChessBase"]
[SourceDate "2024.10.14"]
[SourceVersion "1"]
[SourceVersionDate "2024.10.14"]
[SourceQuality "1"]

1. e4 c6 2. d4 d5 3. e5 Bf5 4. h4 h5 5. Bd3 Bxd3 6. Qxd3 e6 7. Ne2 Qa5+ 8. Bd2 Qa6 9. Qxa6 Nxa6 10. 0-0 Ne7 11. Ng3 Ng6 12. Bg5 Be7 13. Bxe7 Kxe7 14. f4 Nxh4 15. Nd2 c5 16. c3 g6 17. dxc5 Nxc5 18. Nb3 Nxb3 19. axb3 a6 20. Ra4 Rac8 21. Rfa1 Rhd8 22. Ne2 Nf5 23. Rb4 Rc7 24. Rd1 Rdd7 25. Kf2 Kd8 26. Kf3 Kc8 27. Nd4 Nxd4+ 28. Rbxd4 Kd8 29. Kg3 Ke7 30. Kh4 f6 31. c4 fxe5 32. fxe5 dxc4 33. Rxd7+ Rxd7 34. Rxd7+ Kxd7 35. bxc4 Ke7 36. Kg5 Kf7 37. c5 a5 38. g3 1-0

[Event "Rio de Janeiro Estadual-ch"]
[Site "Rio de Janeiro"]
[Date "2023.10.12"]
[Round "2"]
[White "Bezerra, Natacio Goncalves"]
[Black "Lopes, Jonathas Primo Barb"]
[Result "1-0"]
[WhiteElo "1958"]
[BlackElo "1480"]
[PlyCount "61"]
[EventDate "2023.10.12"]
[EventType "swiss"]
[EventRounds "6"]
[EventCountry "BRA"]
[SourceTitle "EXT 2025"]
[Source "ChessBase"]
[SourceDate "2024.10.14"]
[SourceVersion "1"]
[SourceVersionDate "2024.10.14"]
[SourceQuality "1"]

1. e4 e6 2. d4 d5 3. Nd2 Nf6 4. e5 Nfd7 5. Bd3 c5 6. c3 Nc6 7. Ne2 cxd4 8. cxd4 f6 9. Nf4 Qe7 10. Qh5+ Kd8 11. Ng6 Qe8 12. Qh4 Be7 13. Nxh8 Qxh8 14. Nb3 h6 15. Qh3 Bb4+ 16. Bd2 Bxd2+ 17. Kxd2 f5 18. Bb5 Qf8 19. Qc3 Ne7 20. Rac1 a6 21. Qc7+ Ke8 22. Bxd7+ Bxd7 23. Nc5 Bc8 24. Nxb7 Bxb7 25. Qxb7 Kf7 26. Rc7 Re8 27. Qxa6 Ra8 28. Qb7 Rxa2 29. Rhc1 Qd8 30. Kd1 Ra8 31. Rxe7+ 1-0

[Event "Titled Tuesday intern op 03rd Oct Early"]
[Site "Chess.com INT"]
[Date "2023.10.03"]
[Round "9"]
[White "Vargas Benavides, Mauricio"]
[Black "Bezerra, Natacio Goncalves"]
[Result "0-1"]
[WhiteElo "1933"]
[BlackElo "1958"]
[PlyCount "64"]
[EventDate "2023.10.03"]
[EventType "swiss (blitz)"]
[EventRounds "11"]
[EventCountry "USA"]
[SourceTitle "EXT 2025"]
[Source "ChessBase"]
[SourceDate "2024.10.14"]
[SourceVersion "1"]
[SourceVersionDate "2024.10.14"]
[SourceQuality "1"]

1. e4 c6 2. d4 d5 3. e5 Bf5 4. g4 Be4 5. f3 Bg6 6. h4 h5 7. e6 Qd6 8. exf7+ Bxf7 9. Ne2 Nd7 10. g5 e5 11. dxe5 Nxe5 12. Bg2 Ne7 13. Bf4 N7g6 14. Bg3 Qb4+ 15. Nbc3 0-0-0 16. a3 Qxb2 17. 0-0 Bc5+ 18. Kh2 Qb6 19. Na4 Qa5 20. Nxc5 Qxc5 21. a4 Rhe8 22. a5 Nc4 23. Qc1 Ne3 24. Rg1 Nxg2 25. Rxg2 Re3 26. a6 b5 27. Bf2 Qd6+ 28. Bg3 Qc5 29. Bf2 Qd6+ 30. Ng3 Rxf3 31. Kg1 Nxh4 32. Rb1 Bg6 0-1

[Event "Niteroi op 3rd"]
[Site "Niteroi"]
[Date "2023.09.05"]
[Round "3"]
[White "Lourenco, Valerio dos Santos"]
[Black "Bezerra, Natacio Goncalves"]
[Result "0-1"]
[WhiteElo "1696"]
[BlackElo "1991"]
[PlyCount "88"]
[EventDate "2023.09.04"]
[EventType "swiss"]
[EventRounds "9"]
[EventCountry "BRA"]
[SourceTitle "CBM 216 Extra"]
[Source "ChessBase"]
[SourceDate "2023.11.30"]
[SourceVersion "1"]
[SourceVersionDate "2023.11.30"]
[SourceQuality "1"]

1. e4 c6 2. d4 d5 3. e5 Bf5 4. Nf3 e6 5. Bg5 Qb6 6. b3 h6 7. Be3 Nd7 8. Bd3 Ne7 9. Nh4 Bxd3 10. Qxd3 g5 11. Nf3 Ng6 12. 0-0 Be7 13. Nc3 Qc7 14. Rfe1 a6 15. Ne2 c5 16. c3 b5 17. Rac1 c4 18. Qc2 cxb3 19. axb3 Nb6 20. Ra1 0-0 21. Ng3 b4 22. Nh5 Qxc3 23. Nf6+ Bxf6 24. Qxc3 bxc3 25. exf6 Nd7 26. Ra5 Rfc8 27. g3 Nxf6 28. Rea1 Rc6 29. Ne1 Rb8 30. R5a3 Rcb6 31. Nd3 Rxb3 32. Rxa6 c2 33. Nc1 Rb1 34. R1a2 Rc8 35. Ra8 Rxa8 36. Rxa8+ Kg7 37. Rc8 Rb2 38. Nd3 Ra2 39. Nb4 Ra1+ 40. Kg2 Ne7 41. Rxc2 Nf5 42. Nc6 Ng4 43. Bc1 Ra4 44. Bb2 Nfe3+ 0-1